000 00339nam a2200157Ia 4500
003 Ost
005 20260225132541.0
008 260225s9999||||xx |||||||||||||| ||und||
040 _cfsic
041 _afre
082 _a796.8
100 _aAlain Gallimard
_eAuteur
245 0 _aSpizona /
245 0 _cAlain Gallimard
942 _cكتاب
999 _c33551
_d33551